Prínosy cestovného ruchu pre rozvoj regiónu bakalárska práca

Na minha lista:
Detalhes bibliográficos
Autor principal: Fodorová, Anna Mária
Autor Corporativo: Obchodná fakulta EU. Katedra služieb a cestovného ruchu - zrušené
Outros Autores: Markovičová, Laura
Formato: Livro
Idioma:eslovaco
Publicado em: Bratislava 2018
Tags: Adicionar Tag
Sem tags, seja o primeiro a adicionar uma tag!

MARC

LEADER 00000nbm a2200000 4500
001 0245026
005 20180906133010.6
041 0 |a slo 
044 |a SK 
245 1 0 |a Prínosy cestovného ruchu pre rozvoj regiónu  |b bakalárska práca  |c Anna Mária Fodorová ; školiteľ: Laura Markovičová 
264 1 |a Bratislava  |c 2018 
300 |a 42 s. 
100 1 |a Fodorová, Anna Mária 
700 1 |a Markovičová, Laura 
710 2 |a Obchodná fakulta EU. Katedra služieb a cestovného ruchu - zrušené